[Event "Landsturneringen 2017"]
[Site "Clarion Energy Hotel, Stavanger"]
[Date "2017.07.02"]
[Round "2"]
[White "Mikelsen, Mattis"]
[Black "Jarve, Edvin"]
[Result "1/2-1/2"]
[WhiteElo "1764"]
[BlackElo "1843"]
[PlyCount "105"]
[EventDate "2017.??.??"]

1. e4 e6 2. d4 d5 3. Nc3 Nf6 4. Bg5 dxe4 5. Nxe4 Be7 6. Nxf6+ Bxf6 7. Bxf6 Qxf6
8. Nf3 O-O 9. Bd3 c5 10. Qe2 cxd4 11. Qe4 g6 12. Qxd4 e5 13. Qc3 Nc6 14. O-O
Bf5 15. Rfe1 Bxd3 16. Qxd3 Rfe8 17. c3 Rad8 18. Qc2 Qg7 19. Rad1 f5 20. Qb3+
Qf7 21. Qxf7+ Kxf7 22. Kf1 e4 23. Nd4 Nxd4 24. cxd4 Ke6 25. Rc1 Rc8 26. Ke2 Kd5
27. Ke3 g5 28. g3 Rf8 29. f4 g4 30. h3 gxh3 31. Rxc8 Rxc8 32. Rh1 Rg8 33. Rxh3
Rg7 34. g4 Rxg4 35. Rxh7 Rg3+ 36. Kf2 Rf3+ 37. Ke2 Rg3 38. Rxb7 Kxd4 39. Rd7+
Kc5 40. Rxa7 Rg2+ 41. Ke3 Rxb2 42. Rf7 Rxa2 43. Rxf5+ Kd6 44. Re5 Ra4 45. Rxe4
Rxe4+ 46. Kxe4 Ke6 47. f5+ Kf7 48. Kf4 Kf6 49. Ke4 Kf7 50. Ke5 Ke7 51. f6+ Kf7
52. Kf5 Kf8 53. Ke6
1/2-1/2

[Event "Landsturneringen 2017"]
[Site "Clarion Energy Hotel, Stavanger"]
[Date "2017.07.02"]
[Round "2"]
[White "Kyrkjebø, Marte B"]
[Black "Kjærås, Alf Marius"]
[Result "1/2-1/2"]
[WhiteElo "1833"]
[BlackElo "1713"]
[PlyCount "86"]
[EventDate "2017.??.??"]

1. e4 c5 2. Nf3 d6 3. Bb5+ Bd7 4. Bxd7+ Qxd7 5. c4 Nf6 6. Nc3 Nc6 7. d4 cxd4 8.
Nxd4 e6 9. O-O Be7 10. b3 O-O 11. Bb2 Rac8 12. Nde2 b6 13. Qd2 Qb7 14. Ng3 Rfd8
15. Rad1 d5 16. exd5 exd5 17. Nxd5 Nxd5 18. cxd5 Nb4 19. Qd4 f6 20. Nf5 Bc5 21.
Qe4 Nxd5 22. b4 Bxb4 23. Ne3 Qe7 24. Qf3 Nxe3 25. fxe3 Bc5 26. Bd4 Bxd4 27.
exd4 Qd6 28. Rfe1 Re8 29. Rxe8+ Rxe8 30. Qb7 Re7 31. Qc8+ Kf7 32. Qa6 Rd7 33.
Qc4+ Qd5 34. Qa4 b5 35. Qc2 a5 36. Qxh7 a4 37. Qc2 a3 38. Qd2 b4 39. Qxb4 Qxa2
40. Rd2 Qe6 41. Rd1 a2 42. Qb2 Qd5 43. Ra1 Qxd4+
1/2-1/2

[Event "Landsturneringen 2017"]
[Site "Clarion Energy Hotel, Stavanger"]
[Date "2017.07.02"]
[Round "2"]
[White "Reigstad, Erlend"]
[Black "Keadana, Amir"]
[Result "1/2-1/2"]
[WhiteElo "1660"]
[BlackElo "1829"]
[PlyCount "32"]
[EventDate "2017.??.??"]

1. e4 e6 2. d4 d5 3. Nd2 a6 4. Ngf3 Nf6 5. Bd3 c5 6. e5 Nfd7 7. c3 Nc6 8. O-O
cxd4 9. cxd4 Be7 10. Nb3 g5 11. Be3 h5 12. Qd2 Rg8 13. Ne1 Qb6 14. f4 gxf4 15.
Rxf4 Bg5 16. Rf2 Qd8
1/2-1/2

[Event "Landsturneringen 2017"]
[Site "Clarion Energy Hotel, Stavanger"]
[Date "2017.07.03"]
[Round "3"]
[White "Saltvedt, Martin"]
[Black "Ranaldi, Lucas"]
[Result "1/2-1/2"]
[WhiteElo "2046"]
[BlackElo "2269"]
[PlyCount "80"]

1. d4 {[%clk 1:30:48]} Nf6 {[%clk 1:30:45]} 2. Nf3 {[%clk 1:31:08]} d5
{[%clk 1:30:39]} 3. c4 {[%clk 1:31:15]} c6 {[%clk 1:31:01]} 4. Nc3
{[%clk 1:30:50]} dxc4 {[%clk 1:27:01]} 5. a4 {[%clk 1:30:28]} Bf5
{[%clk 1:27:25]} 6. e3 {[%clk 1:30:04]} e6 {[%clk 1:27:48]} 7. Bxc4
{[%clk 1:30:28]} Bb4 {[%clk 1:28:12]} 8. Qb3 {[%clk 1:29:28]} a5 {[%clk 1:24:39]}
9. O-O {[%clk 1:28:08]} Qc7 {[%clk 1:17:30]} 10. Bd2 {[%clk 1:21:07]} O-O
{[%clk 1:17:21]} 11. Rac1 {[%clk 1:20:31]} Nbd7 {[%clk 1:06:42]} 12. Ne2
{[%clk 1:17:49]} Bd6 {[%clk 1:04:06]} 13. Kh1 {[%clk 1:04:25]} Nb6
{[%clk 0:57:18]} 14. Nh4 {[%clk 1:01:19]} Nxc4 {[%clk 0:56:18]} 15. Qxc4
{[%clk 0:59:30]} Be4 {[%clk 0:26:17]} 16. Ng3 {[%clk 0:53:23]} Qe7
{[%clk 0:14:46]} 17. Qe2 {[%clk 0:52:41]} Bc7 {[%clk 0:12:06]} 18. Rfd1
{[%clk 0:48:20]} Bd5 {[%clk 0:08:25]} 19. Rc3 {[%clk 0:43:50]} Ne4
{[%clk 0:06:51]} 20. Nxe4 {[%clk 0:43:59]} Bxe4 {[%clk 0:06:35]} 21. Qh5
{[%clk 0:38:35]} g5 {[%clk 0:01:51]} 22. Nf3 {[%clk 0:38:45]} f6 {[%clk 0:01:52]}
23. h4 {[%clk 0:37:00]} Bg6 {[%clk 0:01:15]} 24. Qh6 {[%clk 0:37:06]} g4
{[%clk 0:00:51]} 25. Nh2 {[%clk 0:33:32]} g3 {[%clk 0:00:37]} 26. h5
{[%clk 0:32:56]} Be4 {[%clk 0:00:34]} 27. f3 {[%clk 0:33:25]} Bd5
{[%clk 0:00:37]} 28. e4 {[%clk 0:33:54]} gxh2 {[%clk 0:00:45]} 29. exd5
{[%clk 0:34:21]} exd5 {[%clk 0:00:48]} 30. Re1 {[%clk 0:33:57]} Qg7
{[%clk 0:00:34]} 31. Qxg7+ {[%clk 0:33:39]} Kxg7 {[%clk 0:01:03]} 32. Re7+
{[%clk 0:34:08]} Rf7 {[%clk 0:01:32]} 33. Bh6+ {[%clk 0:34:17]} Kg8
{[%clk 0:01:16]} 34. Rce3 {[%clk 0:34:38]} Rxe7 {[%clk 0:00:53]} 35. Rxe7
{[%clk 0:35:07]} Bb6 {[%clk 0:00:38]} 36. Rg7+ {[%clk 0:35:13]} Kh8
{[%clk 0:00:59]} 37. Rxb7 {[%clk 0:35:41]} Bxd4 {[%clk 0:01:19]} 38. Kxh2
{[%clk 0:35:57]} f5 {[%clk 0:00:45]} 39. Kg3 {[%clk 0:34:45]} Re8
{[%clk 0:00:36]} 40. b3 {[%clk 0:33:26]} Kg8 {[%clk 0:00:41]}
1/2-1/2

[Event "Landsturneringen 2017"]
[Site "Clarion Energy Hotel, Stavanger"]
[Date "2017.07.03"]
[Round "3"]
[White "Merkesvik, Sondre"]
[Black "Lund, Gunnar"]
[Result "1/2-1/2"]
[WhiteElo "2211"]
[BlackElo "2051"]
[PlyCount "52"]

1. Nf3 {[%clk 1:24:24]} Nf6 {[%clk 1:30:50]} 2. g3 {[%clk 1:24:47]} d5
{[%clk 1:31:09]} 3. Bg2 {[%clk 1:25:13]} e6 {[%clk 1:31:30]} 4. O-O
{[%clk 1:25:19]} Be7 {[%clk 1:31:46]} 5. c4 {[%clk 1:25:18]} O-O {[%clk 1:32:04]}
6. d4 {[%clk 1:25:43]} dxc4 {[%clk 1:32:28]} 7. Qc2 {[%clk 1:26:11]} a6
{[%clk 1:32:48]} 8. a4 {[%clk 1:26:40]} Bd7 {[%clk 1:33:12]} 9. Qxc4
{[%clk 1:26:50]} Bc6 {[%clk 1:33:33]} 10. Nc3 {[%clk 1:27:16]} b5
{[%clk 1:33:30]} 11. Qd3 {[%clk 1:23:31]} b4 {[%clk 1:34:19]} 12. Nd1
{[%clk 1:23:14]} Nbd7 {[%clk 1:31:30]} 13. Bf4 {[%clk 1:20:04]} Be4
{[%clk 1:29:27]} 14. Qd2 {[%clk 0:58:17]} c5 {[%clk 1:10:39]} 15. Ne3
{[%clk 0:46:02]} Nh5 {[%clk 1:02:21]} 16. dxc5 {[%clk 0:44:52]} Nxf4
{[%clk 1:02:21]} 17. gxf4 {[%clk 0:45:20]} Nxc5 {[%clk 1:00:56]} 18. Qxb4
{[%clk 0:41:54]} Rb8 {[%clk 0:59:11]} 19. Qc4 {[%clk 0:32:48]} Rxb2
{[%clk 0:57:29]} 20. Ne5 {[%clk 0:18:43]} Bxg2 {[%clk 0:56:26]} 21. Nxg2
{[%clk 0:19:02]} Qb6 {[%clk 0:51:12]} 22. e3 {[%clk 0:15:33]} Rb4
{[%clk 0:45:08]} 23. Qc2 {[%clk 0:15:58]} Bf6 {[%clk 0:44:55]} 24. Rfb1
{[%clk 0:03:41]} Bxe5 {[%clk 0:43:15]} 25. Rxb4 {[%clk 0:02:35]} Qxb4
{[%clk 0:39:13]} 26. fxe5 {[%clk 0:03:03]} Rb8 {[%clk 0:36:40]}
1/2-1/2

[Event "Landsturneringen 2017"]
[Site "Clarion Energy Hotel, Stavanger"]
[Date "2017.07.03"]
[Round "3"]
[White "Machlik, Monika"]
[Black "Vestby-Ellingsen, Mads"]
[Result "0-1"]
[WhiteElo "2049"]
[BlackElo "2175"]
[PlyCount "68"]

1. d4 {[%clk 1:30:58]} d5 {[%clk 1:30:52]} 2. c4 {[%clk 1:31:17]} dxc4
{[%clk 1:31:12]} 3. e4 {[%clk 1:31:03]} b5 {[%clk 1:31:33]} 4. a4
{[%clk 1:19:18]} c6 {[%clk 1:31:51]} 5. axb5 {[%clk 1:09:29]} cxb5
{[%clk 1:32:10]} 6. b3 {[%clk 1:08:39]} e5 {[%clk 1:12:30]} 7. d5
{[%clk 1:02:38]} Nf6 {[%clk 1:11:07]} 8. Qf3 {[%clk 0:46:50]} Bg4
{[%clk 0:42:00]} 9. Qg3 {[%clk 0:38:55]} Nxe4 {[%clk 0:34:20]} 10. Qxg4
{[%clk 0:23:38]} Bb4+ {[%clk 0:34:36]} 11. Bd2 {[%clk 0:21:41]} Nxd2
{[%clk 0:34:51]} 12. Nxd2 {[%clk 0:21:45]} Bxd2+ {[%clk 0:27:41]} 13. Kxd2
{[%clk 0:22:13]} Qxd5+ {[%clk 0:27:52]} 14. Ke1 {[%clk 0:20:57]} O-O
{[%clk 0:27:47]} 15. bxc4 {[%clk 0:20:23]} Qc5 {[%clk 0:27:47]} 16. Be2
{[%clk 0:18:35]} Nc6 {[%clk 0:21:29]} 17. Nf3 {[%clk 0:17:40]} Rad8
{[%clk 0:19:39]} 18. Kf1 {[%clk 0:16:09]} f5 {[%clk 0:19:10]} 19. Qh5
{[%clk 0:13:43]} e4 {[%clk 0:17:47]} 20. Ng5 {[%clk 0:11:18]} h6 {[%clk 0:17:59]}
21. Nh3 {[%clk 0:09:23]} Rd2 {[%clk 0:17:00]} 22. Nf4 {[%clk 0:08:45]} Qe5
{[%clk 0:13:43]} 23. Ra6 {[%clk 0:08:37]} Qxf4 {[%clk 0:01:14]} 24. Rxc6
{[%clk 0:09:05]} Rb2 {[%clk 0:00:43]} 25. g3 {[%clk 0:07:30]} Qd2
{[%clk 0:01:12]} 26. cxb5 {[%clk 0:05:47]} f4 {[%clk 0:00:36]} 27. gxf4
{[%clk 0:02:17]} Qxf4 {[%clk 0:00:45]} 28. Qc5 {[%clk 0:01:10]} Rf5
{[%clk 0:00:34]} 29. Rc8+ {[%clk 0:00:37]} Kh7 {[%clk 0:01:03]} 30. Qd4
{[%clk 0:00:31]} Rb1+ {[%clk 0:01:07]} 31. Kg2 {[%clk 0:00:56]} Rg5+
{[%clk 0:01:06]} 32. Kh3 {[%clk 0:01:18]} Qf5+ {[%clk 0:01:06]} 33. Kh4
{[%clk 0:01:41]} Qf4+ {[%clk 0:01:32]} 34. Kh3 {[%clk 0:02:00]} Rxh1
{[%clk 0:01:52]}
0-1

[Event "Landsturneringen 2017"]
[Site "Clarion Energy Hotel, Stavanger"]
[Date "2017.07.03"]
[Round "3"]
[White "Kizatbay, Abyl"]
[Black "Fossan, Andreas"]
[Result "1/2-1/2"]
[WhiteElo "2127"]
[BlackElo "1998"]
[PlyCount "34"]

1. e4 {[%clk 1:30:13]} e6 {[%clk 1:30:48]} 2. d4 {[%clk 1:29:11]} d5
{[%clk 1:31:11]} 3. Nd2 {[%clk 1:29:03]} Nf6 {[%clk 1:31:31]} 4. e5
{[%clk 1:29:17]} Nfd7 {[%clk 1:31:58]} 5. Bd3 {[%clk 1:29:32]} c5
{[%clk 1:32:19]} 6. c3 {[%clk 1:29:23]} Nc6 {[%clk 1:32:34]} 7. Ngf3
{[%clk 1:28:51]} g6 {[%clk 1:28:31]} 8. O-O {[%clk 1:15:02]} Bg7 {[%clk 1:28:31]}
9. b3 {[%clk 1:02:47]} O-O {[%clk 1:25:39]} 10. Re1 {[%clk 1:02:09]} f6
{[%clk 1:20:09]} 11. exf6 {[%clk 0:59:21]} Qxf6 {[%clk 1:17:45]} 12. Bb2
{[%clk 0:37:19]} e5 {[%clk 1:03:01]} 13. dxe5 {[%clk 0:36:10]} Ndxe5
{[%clk 1:01:17]} 14. Be2 {[%clk 0:35:18]} Be6 {[%clk 0:55:35]} 15. Kh1
{[%clk 0:28:19]} Nf7 {[%clk 0:45:19]} 16. Bb5 {[%clk 0:22:51]} Nd6
{[%clk 0:31:06]} 17. Bxc6 {[%clk 0:19:57]} bxc6 {[%clk 0:29:54]}
1/2-1/2

[Event "Landsturneringen 2017"]
[Site "Clarion Energy Hotel, Stavanger"]
[Date "2017.07.03"]
[Round "3"]
[White "Sjøberg, Isak"]
[Black "Løbersli, Henrik Øie"]
[Result "1/2-1/2"]
[WhiteElo "2076"]
[BlackElo "2084"]
[PlyCount "59"]

1. e4 {[%clk 1:30:57]} e5 {[%clk 1:29:04]} 2. Nf3 {[%clk 1:31:20]} Nc6
{[%clk 1:29:21]} 3. Nc3 {[%clk 1:30:53]} Nf6 {[%clk 1:28:44]} 4. d4
{[%clk 1:31:15]} exd4 {[%clk 1:27:37]} 5. Nxd4 {[%clk 1:27:50]} Bb4
{[%clk 1:24:34]} 6. Nxc6 {[%clk 1:28:13]} bxc6 {[%clk 1:24:54]} 7. Bd3
{[%clk 1:28:35]} d5 {[%clk 1:24:01]} 8. exd5 {[%clk 1:28:30]} cxd5
{[%clk 1:24:20]} 9. O-O {[%clk 1:28:50]} O-O {[%clk 1:23:09]} 10. Bg5
{[%clk 1:29:15]} c6 {[%clk 1:22:07]} 11. Qf3 {[%clk 1:29:31]} Bd6
{[%clk 1:18:17]} 12. h3 {[%clk 1:29:21]} h6 {[%clk 1:16:34]} 13. Bf4
{[%clk 1:26:43]} Rb8 {[%clk 1:14:59]} 14. b3 {[%clk 1:21:53]} Re8
{[%clk 1:08:55]} 15. Rfe1 {[%clk 1:18:37]} Rxe1+ {[%clk 0:58:50]} 16. Rxe1
{[%clk 1:18:26]} Be6 {[%clk 0:59:03]} 17. Ne2 {[%clk 0:59:23]} c5
{[%clk 0:51:25]} 18. Ng3 {[%clk 0:54:47]} Bxf4 {[%clk 0:46:27]} 19. Qxf4
{[%clk 0:54:58]} Rb4 {[%clk 0:45:21]} 20. Qe5 {[%clk 0:48:53]} Qb8
{[%clk 0:41:34]} 21. Qc3 {[%clk 0:26:50]} Qd6 {[%clk 0:40:13]} 22. Bf5
{[%clk 0:24:33]} Rb8 {[%clk 0:37:36]} 23. Qa5 {[%clk 0:19:20]} Rb7
{[%clk 0:35:28]} 24. Rd1 {[%clk 0:18:33]} Rd7 {[%clk 0:28:11]} 25. Bd3
{[%clk 0:14:58]} g6 {[%clk 0:21:39]} 26. Qc3 {[%clk 0:13:06]} Kg7
{[%clk 0:17:35]} 27. Bb5 {[%clk 0:11:51]} Rc7 {[%clk 0:14:55]} 28. Ne4
{[%clk 0:09:52]} Qe7 {[%clk 0:14:54]} 29. Nxf6 {[%clk 0:09:24]} Qxf6
{[%clk 0:15:22]} 30. Qg3 {[%clk 0:09:31]}
1/2-1/2

[Event "Landsturneringen 2017"]
[Site "Clarion Energy Hotel, Stavang"]
[Date "2017.07.03"]
[Round "3"]
[White "Machlik, Edit"]
[Black "KyrkjebÃ¸, Marte B"]
[Result "1/2-1/2"]
[WhiteElo "2084"]
[BlackElo "1833"]
[PlyCount "79"]
[EventDate "2017.??.??"]

1. d4 Nf6 2. c4 e6 3. Nf3 b6 4. g3 Ba6 5. Nbd2 Be7 6. Bg2 c6 7. O-O O-O 8. b3
Bb7 9. Ne5 d6 10. Nd3 d5 11. Bb2 Nbd7 12. Rc1 Rc8 13. Re1 Re8 14. e4 dxe4 15.
Nxe4 Nxe4 16. Bxe4 Nf6 17. Bg2 Rc7 18. Qe2 Qa8 19. Rcd1 Bf8 20. Ne5 Rec8 21. h4
c5 22. Bxb7 Qxb7 23. dxc5 Bxc5 24. Ng4 Nxg4 25. Qxg4 Bf8 26. a4 Rd7 27. Rxd7
Qxd7 28. Rd1 Qe7 29. Qd4 f6 30. Qd7 Rc7 31. Qd3 Qe8 32. Qd8 Qxd8 33. Rxd8 Kf7
34. Kg2 Bc5 35. Kf3 Ke7 36. Rd3 Rd7 37. Rxd7+ Kxd7 38. Bc3 a5 39. h5 e5 40. g4
1/2-1/2

[Event "Landsturneringen 2017"]
[Site "Clarion Energy Hotel, Stavanger"]
[Date "2017.07.03"]
[Round "3"]
[White "Nilsen, Martin"]
[Black "Pettersen, Johan"]
[Result "1-0"]
[WhiteElo "2080"]
[BlackElo "1896"]
[PlyCount "61"]

1. d4 {[%clk 1:30:58]} g6 {[%clk 1:30:36]} 2. e4 {[%clk 1:30:58]} Bg7
{[%clk 1:30:53]} 3. Nf3 {[%clk 1:31:20]} d6 {[%clk 1:31:16]} 4. Be3
{[%clk 1:31:08]} c5 {[%clk 1:30:05]} 5. c3 {[%clk 1:31:12]} cxd4 {[%clk 1:29:42]}
6. Nxd4 {[%clk 1:27:42]} Nf6 {[%clk 1:29:19]} 7. Nd2 {[%clk 1:19:15]} Nc6
{[%clk 1:28:52]} 8. Bc4 {[%clk 1:10:48]} O-O {[%clk 1:28:41]} 9. O-O
{[%clk 1:07:56]} Bd7 {[%clk 1:28:25]} 10. Re1 {[%clk 0:57:47]} a6
{[%clk 1:27:44]} 11. Bb3 {[%clk 0:50:27]} b5 {[%clk 1:27:41]} 12. Nxc6
{[%clk 0:36:17]} Bxc6 {[%clk 1:27:47]} 13. Bd4 {[%clk 0:35:36]} e5
{[%clk 1:13:39]} 14. Be3 {[%clk 0:36:02]} d5 {[%clk 0:56:08]} 15. Bc5
{[%clk 0:23:36]} Re8 {[%clk 0:56:30]} 16. exd5 {[%clk 0:22:08]} Nxd5
{[%clk 0:55:36]} 17. Ne4 {[%clk 0:16:50]} Bf8 {[%clk 0:44:35]} 18. Bxd5
{[%clk 0:15:48]} Bxd5 {[%clk 0:40:24]} 19. Qxd5 {[%clk 0:16:09]} Qxd5
{[%clk 0:39:47]} 20. Nf6+ {[%clk 0:16:35]} Kg7 {[%clk 0:40:12]} 21. Nxd5
{[%clk 0:17:01]} Bxc5 {[%clk 0:40:35]} 22. Nc7 {[%clk 0:17:28]} Rad8
{[%clk 0:40:46]} 23. Nxe8+ {[%clk 0:17:50]} Rxe8 {[%clk 0:41:10]} 24. Rad1
{[%clk 0:18:11]} e4 {[%clk 0:41:16]} 25. b4 {[%clk 0:16:47]} Ba7 {[%clk 0:41:23]}
26. Rd6 {[%clk 0:16:23]} e3 {[%clk 0:41:47]} 27. fxe3 {[%clk 0:16:45]} Bxe3+
{[%clk 0:41:18]} 28. Kf1 {[%clk 0:17:09]} f5 {[%clk 0:41:27]} 29. Rxa6
{[%clk 0:17:10]} f4 {[%clk 0:41:48]} 30. Rd1 {[%clk 0:14:29]} Rc8
{[%clk 0:42:01]} 31. Rd3
1-0

[Event "Landsturneringen 2017"]
[Site "Clarion Energy Hotel, Stavang"]
[Date "2017.07.03"]
[Round "3"]
[White "KyrkjebÃ¸, Hanna B"]
[Black "Nordquelle, Daniel"]
[Result "0-1"]
[WhiteElo "1923"]
[BlackElo "2047"]
[PlyCount "129"]
[EventDate "2017.??.??"]

1. e4 c5 2. Nf3 d6 3. Bb5+ Bd7 4. Bxd7+ Qxd7 5. c4 Nc6 6. Nc3 Nf6 7. d4 cxd4 8.
Nxd4 g6 9. f3 Bg7 10. Be3 O-O 11. O-O Rfd8 12. Re1 e6 13. Bf2 Rac8 14. Ndb5 b6
15. Rc1 a6 16. Na3 Qb7 17. Bh4 Rd7 18. Qe2 Nh5 19. Bg5 Bd4+ 20. Kh1 Ne5 21.
Red1 Bc5 22. Ncb1 Rb8 23. Be3 Ng7 24. Bxc5 dxc5 25. Nc3 Rbd8 26. Rxd7 Rxd7 27.
Rd1 Nh5 28. b3 Nf4 29. Rxd7 Qxd7 30. Qd1 Qd4 31. Qxd4 cxd4 32. Nd1 Ned3 33. Nc2
e5 34. a3 a5 35. Kg1 Kf8 36. g3 Ne6 37. Kf1 Nec5 38. b4 axb4 39. axb4 Na6 40.
b5 Nac5 41. Ke2 Ke7 42. Kf1 Kd6 43. Ke2 Nc1+ 44. Ke1 N5d3+ 45. Kd2 Kc5 46. Nf2
Nxf2 47. Kxc1 Kxc4 48. Kd2 Kxb5 49. Ne1 Kc4 50. Ke2 Nh3 51. Kd2 f6 52. Nd3 Ng5
53. Ne1 Ne6 54. Nd3 Nc5 55. Nb2+ Kb3 56. Nd1 b5 57. Kc1 Nd3+ 58. Kd2 Kc4 59.
Kc2 b4 60. Kd2 b3 61. h4 h6 62. g4 h5 63. gxh5 gxh5 64. Ke2 b2 65. Nxb2+
0-1

[Event "Landsturneringen 2017"]
[Site "Clarion Energy Hotel, Stavanger"]
[Date "2017.07.03"]
[Round "3"]
[White "Greibrokk, Ingrid"]
[Black "Kizatbay, Alseit"]
[Result "0-1"]
[WhiteElo "1868"]
[BlackElo "1952"]
[PlyCount "126"]
[EventDate "2017.??.??"]

1. d3 c5 2. g3 g6 3. Bg2 Bg7 4. e4 d6 5. Ne2 Nc6 6. O-O e6 7. c3 Nge7 8. Be3
O-O 9. Nd2 b6 10. f4 Ba6 11. Nf3 Rc8 12. Qd2 e5 13. Rfe1 d5 14. Nxe5 Nxe5 15.
fxe5 dxe4 16. d4 Bd3 17. Nf4 cxd4 18. Bxd4 Nc6 19. Nxd3 Nxd4 20. Rxe4 Ne6 21.
Rd1 Qe7 22. Kh1 Rfd8 23. Qe2 Nc5 24. Rd4 Re8 25. Nxc5 Rxc5 26. Rd7 Rxe5 27. Qf3
Qf6 28. Qxf6 Bxf6 29. Rf1 R8e7 30. Rxe7 Bxe7 31. c4 Kg7 32. Bd5 f5 33. Kg2 Bc5
34. Bf3 Kf6 35. Rd1 g5 36. h3 Re6 37. b3 Rd6 38. Rxd6+ Bxd6 39. g4 f4 40. Bd5
Ke5 41. Kf3 Kd4 42. Be4 h6 43. Bd5 Kd3 44. Bc6 Kc3 45. Bd5 Kb2 46. Ke4 a5 47.
Kf5 Bc5 48. h4 Kxa2 49. b4 a4 50. bxc5 bxc5 51. hxg5 hxg5 52. Kxg5 a3 53. Kh6
Kb3 54. g5 a2 55. g6 a1=Q 56. g7 Qf6+ 57. Kh7 f3 58. g8=Q Qh4+ 59. Kg7 Qg5+ 60.
Kh7 Qxg8+ 61. Kxg8 f2 62. Bg2 Kxc4 63. Kf7 Kd4
0-1

[Event "Landsturneringen 2017"]
[Site "Clarion Energy Hotel, Stavanger"]
[Date "2017.07.03"]
[Round "3"]
[White "Olsen, Ulrik"]
[Black "Mikelsen, Mattis"]
[Result "1-0"]
[WhiteElo "1913"]
[BlackElo "1764"]
[PlyCount "83"]
[EventDate "2017.??.??"]

1. e4 e5 2. Nf3 Nc6 3. Bb5 a6 4. Ba4 d6 5. c3 Bd7 6. O-O Nf6 7. Re1 b5 8. Bc2
Be7 9. d3 O-O 10. Nbd2 Re8 11. Nf1 Bf8 12. Ng3 g6 13. d4 Bg7 14. d5 Na5 15. b4
Nc4 16. a4 c6 17. Bb3 cxd5 18. Bxc4 dxe4 19. Bxf7+ Kxf7 20. Ng5+ Kf8 21. Qxd6+
Qe7 22. Qxe7+ Rxe7 23. axb5 Bxb5 24. N5xe4 Nd5 25. Rd1 Nf4 26. Be3 Rc7 27. Bc5+
Kg8 28. Nd6 Be2 29. Rd2 Bg4 30. Nge4 Ne6 31. Bb6 Rc6 32. Be3 Bf5 33. b5 Bxe4
34. Nxe4 Rc4 35. Nd6 Rxc3 36. b6 Nc5 37. Rd5 Rd3 38. Rxd3 Nxd3 39. b7 Rd8 40.
Nc8 e4 41. b8=Q Bxa1 42. Ne7+
1-0

[Event "Landsturneringen 2017"]
[Site "Clarion Energy Hotel, Stavanger"]
[Date "2017.07.03"]
[Round "3"]
[White "Keadana, Amir"]
[Black "Fossan, Benjamin"]
[Result "0-1"]
[WhiteElo "1829"]
[BlackElo "1855"]
[PlyCount "104"]
[EventDate "2017.??.??"]

1. e4 c5 2. Nf3 Nc6 3. Bb5 g6 4. Bxc6 bxc6 5. O-O Bg7 6. Re1 e5 7. d3 Ne7 8.
Be3 d6 9. Nbd2 O-O 10. Nc4 f5 11. exf5 Nxf5 12. Bg5 Qc7 13. c3 Be6 14. Qc1 h6
15. Bd2 Bxc4 16. dxc4 Qf7 17. b3 Nh4 18. Re3 e4 19. Nxh4 Qxf2+ 20. Kh1 Qxh4 21.
Rh3 Qf2 22. Qe1 g5 23. Be3 Qxe1+ 24. Rxe1 Bxc3 25. Rd1 Bg7 26. Rxd6 Rf1+ 27.
Bg1 Bd4 28. Rxd4 cxd4 29. Rxh6 e3 30. Re6 d3 31. Rxe3 d2 32. Rd3 d1=Q 33. Rxd1
Rxd1 34. h4 gxh4 35. Kh2 Rxg1 36. Kxg1 Rd8 37. Kf2 Rd2+ 38. Kf3 Rxa2 39. b4 Rb2
40. Ke4 Rxb4 41. Kd4 Rb2 42. g3 hxg3 43. Kc5 Rc2 44. Kb4 g2 45. Kc5 g1=Q+ 46.
Kd6 Qd4+ 47. Kc7 Qb6+ 48. Kd7 Rd2+ 49. Ke7 Qe3+ 50. Kf6 Rf2+ 51. Kg6 Qg3+ 52.
Kh5 Rh2#
0-1

[Event "Landsturneringen 2017"]
[Site "Clarion Energy Hotel, Stavanger"]
[Date "2017.07.03"]
[Round "3"]
[White "Jarve, Edvin"]
[Black "Reigstad, Erlend"]
[Result "1/2-1/2"]
[WhiteElo "1843"]
[BlackElo "1660"]
[PlyCount "115"]

1. d4 Nf6 2. c4 g6 3. Nc3 d5 4. Nf3 Bg7 5. Bg5 c6 6. cxd5 Nxd5 7. e3 Bg4 8.
Qb3 Qa5 9. Bh4 Nxc3 10. bxc3 Be6 11. Bc4 Bxc4 12. Qxc4 Nd7 13. O-O Nb6 14.
Qb3 Rd8 15. a4 Rd7 16. Bg3 O-O 17. Ne5 Bxe5 18. Bxe5 Qd5 19. Qxd5 cxd5 20.
Rfb1 Rc8 21. Rb3 Nc4 22. Rc1 Nxe5 23. dxe5 d4 24. exd4 Rxd4 25. g3 b6 26.
Ra3 Re4 27. a5 Rxe5 28. axb6 axb6 29. Rb3 b5 30. Rcb1 Rec5 31. Rxb5 Rxb5
32. Rxb5 Rxc3 33. Rb7 e6 34. h4 h5 35. Kg2 Kg7 36. Ra7 e5 37. Rb7 Rc8 38.
Ra7 Re8 39. Rb7 Kf6 40. Rb6+ Re6 41. Rb7 e4 42. Rb5 e3 43. fxe3 Rxe3 44.
Kh3 Re5 45. Rb6+ Kf5 46. Rb7 f6 47. Rb4 g5 48. hxg5 fxg5 49. Ra4 Re3 50.
Ra5+ Kf6 51. Ra6+ Re6 52. Ra5 Kg6 53. Rb5 Re3 54. Rb6+ Kf7 55. Rb5 h4 56.
Rxg5 hxg3 57. Rxg3 Rxg3+ 58. Kxg3
1/2-1/2

[Event "Landsturneringen 2017"]
[Site "Clarion Energy Hotel, Stavanger"]
[Date "2017.07.03"]
[Round "3"]
[White "Kjærås, Alf Marius"]
[Black "Skjølås, Erling Dyrhaug"]
[Result "1-0"]
[WhiteElo "1713"]
[BlackElo "1837"]
[PlyCount "97"]

1. d4 Nf6 2. Bf4 g6 3. e3 Bg7 4. Nc3 d6 5. Be2 O-O 6. h4 h5 7. Nf3 Nc6 8.
O-O Ng4 9. Ng5 e5 10. dxe5 dxe5 11. Qxd8 Rxd8 12. Bg3 Ne7 13. Bc4 Nh6 14.
Rad1 Bg4 15. f3 Bd7 16. Rd2 Be8 17. Rfd1 Rxd2 18. Rxd2 Nhf5 19. Bf2 Nd6 20.
Bb3 Rd8 21. g3 Nc6 22. Nd5 Rd7 23. Nxc7 Rxc7 24. Rxd6 Na5 25. Rd8 Kf8 26.
Ba4 Nc6 27. Bxc6 Rxc6 28. c3 Bf6 29. Rd5 Bxg5 30. hxg5 Re6 31. e4 b6 32.
Rd8 Re7 33. Rd5 Re6 34. c4 Ke7 35. c5 Bc6 36. b4 Bxd5 37. exd5 bxc5 38.
dxe6 cxb4 39. exf7 a5 40. Bb6 a4 41. Bc5+ Kxf7 42. Bxb4 Ke6 43. Kf2 Kf5 44.
Ke3 Kxg5 45. Ke4 Kf6 46. Bc3 Kg5 47. Bxe5 h4 48. Bf4+ Kh5 49. g4#
1-0